Bilecik Bilecik Bilecik Bilecik Bilecik

Zirai ekonomi ve işletmecilik dersleri/ (Record no. 29742)

MARC details
000 -BAŞLIK
Sabit Uzunluktaki Kontrol Alanı 01279nam a22003857a 4500
001 - KONTROL NUMARASI
Control Dosyası 0029821
003 - KONTROL NUMARASI KİMLİĞİ
Kontrol Alanı KOHA_MİRAKIL
005 - EN SON İŞLEM TARİHİ ve ZAMANI
Kontrol Alanı 20260207002710.0
007 - FİZİKSEL TANIM SABİT ALAN - GENEL BİLGİ
Sabit uzunluklu kontrol alanı ta
008 - SABİT UZUNLUKTAKİ VERİ ÖGELERİ - GENEL BİLGİ
Sabit Alan 110429b1971 tu a|||gr||||#||||0|tur |
020 ## - ISBN - ULUSLARARASI STANDART KİTAP NUMARASI
Kullanılabilirlik koşulları 0,01
040 ## - KATALOGLAMA KAYNAĞI
Özgün Kataloglama Kurumu TR-BiSEU
Kataloglama Dili tur
Çeviri Kurumu TR-BiSEU
Açıklama Kuralları rda
041 0# - DİL KODU
Metin ya da ses kaydının dil kodu tur
044 ## - YAYINLAYAN/ÜRETEN KURULUŞUN ÜLKE KODU
ISO country code tu
050 ## - SINIFLAMA ve YER NUMARASI
Sınıflama Numarası HD1415
Yer Numarası .A25 1971
100 1# - KİŞİ ADI
Yazar Adı (Kişi adı) Açıl, A. Fethi.
245 1# - ESER ADI BİLDİRİMİ
Başlık Zirai ekonomi ve işletmecilik dersleri/
Sorumluluk Bildirimi A. Fethi Açıl ; A. Fethi Açıl , Kazım Köylü.
264 #1 - ÜRERİM, YAYIN, DAĞITIM ve TELİF BİLDİRİMİ
Yayın yeri Ankara :
Yayınlayan Ankara Üniversitesi
Yayın tarihi 1971
300 ## - FİZİKSEL TANIMLAMA
Sayfa, Cilt vb. 375 sayfa :
Diğer fiziki detaylar tbl. ;
Boyutları 24 cm.
336 ## - İÇERİK TÜRÜ
Content type term metin
Content type code txt
Source rdacontent
337 ## - MEDYA TÜRÜ
Media type term aracısız
Media type code n
Source rdamedia
338 ## - TAŞIYICI TÜRÜ
Carrier type term cilt
Carrier type code nc
Source rdacarrier
490 1# - DİZİ BİLDİRİMİ
Dizi Bildirimi Ankara Üniversitesi .
490 1# - DİZİ BİLDİRİMİ
Dizi Bildirimi Ziraat Fakültesi Yayınları ;
Cilt Numarası 465.
490 1# - DİZİ BİLDİRİMİ
Dizi Bildirimi Ders kitaı ;
Cilt Numarası 168
650 #0 - KONU BAŞLIĞI EK GİRİŞ - KONU TERİMİ
Konusal terim veya coğrafi ad Tarım--Ekonomik yönleri.
9 (RLIN) 20234
650 #0 - KONU BAŞLIĞI EK GİRİŞ - KONU TERİMİ
Konusal terim veya coğrafi ad Tarım--Ekonomik yönleri--Türkiye.
9 (RLIN) 31426
650 #0 - KONU BAŞLIĞI EK GİRİŞ - KONU TERİMİ
Konusal terim veya coğrafi ad Agriculture--Economic aspects--Turkey.
9 (RLIN) 15549
650 #0 - KONU BAŞLIĞI EK GİRİŞ - KONU TERİMİ
Konusal terim veya coğrafi ad Agriculture and state--Turkey.
9 (RLIN) 15548
650 #0 - KONU BAŞLIĞI EK GİRİŞ - KONU TERİMİ
Konusal terim veya coğrafi ad Tarım ve devlet--Türkiye.
9 (RLIN) 15551
830 1# - SERİ EK GİRİŞİ - TEKBİÇİM ESER ADI
Tekbiçim Başlık Ankara Üniversitesi .
9 (RLIN) 6714
830 1# - SERİ EK GİRİŞİ - TEKBİÇİM ESER ADI
Tekbiçim Başlık Ziraat Fakültesi Yayınları ;
Volume number/sequential designation 465.
9 (RLIN) 58802
830 1# - SERİ EK GİRİŞİ - TEKBİÇİM ESER ADI
Tekbiçim Başlık Ders kitaı ;
Volume number/sequential designation 168
9 (RLIN) 58803
942 ## - EK GİRİŞ ÖGELERİ (KOHA)
Source of classification or shelving scheme Library of Congress Classification
Koha item type Book
Holdings
Materyal Türü Kalıcı Konum Mevcut Konum Raf Yeri Sınıflandırma Kaynağı Edinim Bilgisi Ana Konular Alt Konular Yer Numarası Demirbaş Numarası Fatura Tarihi Geri Çekilme Durumu Kayıp Durumu Hasarlı Durumu Kredi için değil Kayıt Tarih Toplam Ödünçverme Son Görülme Tarihi Son Kontrol Tarihi Genel / Bağış Notu
Book Prof. Dr. Azmi Özcan Kütüphanesi Prof. Dr. Azmi Özcan Kütüphanesi Uluğbey Salonu Library of Congress Classification Bağış SOSYAL BİLİMLER Endüstriler, Arazi Kullanımı, İşgücü HD1415 .A25 1971 0029821 02/02/2026         29/04/2011 1 05/12/2024 05/12/2024 Cihat İskender, Akademisyen